ORTHOPEDICS AND TRAUMA (Record no. 14785)

MARC details
000 -LEADER
fixed length control field 00304nam a22001457a 4500
003 - CONTROL NUMBER IDENTIFIER
control field SGT
082 ## - DEWEY DECIMAL CLASSIFICATION NUMBER
Classification number 617.3
Item number O15K
100 ## - MAIN ENTRY--PERSONAL NAME
Personal name KUMAR, M.N.
245 ## - TITLE STATEMENT
Title ORTHOPEDICS AND TRAUMA
250 ## - EDITION STATEMENT
Edition statement 2ND
260 ## - PUBLICATION, DISTRIBUTION, ETC. (IMPRINT)
Place of publication, distribution, etc INDIA
Name of publisher, distributor, etc WOLTERS
Year of Publication 2015
300 ## - PAGE DESCRIPTION
No. of Pages 1031
650 ## - SUBJECT ADDED ENTRY--TOPICAL TERM
Topical term or geographic name as entry element ORTHOPEDICS
942 ## - ADDED ENTRY ELEMENTS (KOHA)
Source of classification or shelving scheme Dewey Decimal Classification
Koha item type Books
942 ## - ADDED ENTRY ELEMENTS (KOHA)
-- 3
Holdings
Withdrawn status Lost status Source of classification or shelving scheme Damaged status Not for loan Collection code Home library Current library Shelving location Date acquired Vendor Name SGTU Total Checkouts Full call number Accession No. (Barcode) Date last seen Date last borrowed Bill Date Koha item type
    Dewey Decimal Classification     MEDICAL SGT Medical Library SGT Medical Library Text Book 27/01/2018 ABC SGTU 3 617.3 O15K FM9631 11/02/2022 05/02/2022 27/01/2018 Books